<?xml version="1.0" encoding="UTF-8"?><?xml-stylesheet type="text/xsl" href="static/style.xsl"?><OAI-PMH xmlns="http://www.openarchives.org/OAI/2.0/" xmlns:xsi="http://www.w3.org/2001/XMLSchema-instance" xsi:schemaLocation="http://www.openarchives.org/OAI/2.0/ http://www.openarchives.org/OAI/2.0/OAI-PMH.xsd"><responseDate>2026-06-01T09:55:41Z</responseDate><request verb="GetRecord" identifier="oai:riuma.uma.es:10630/36350" metadataPrefix="marc">https://riuma.uma.es/rest/oai/request</request><GetRecord><record><header><identifier>oai:riuma.uma.es:10630/36350</identifier><datestamp>2026-02-03T11:41:04Z</datestamp><setSpec>com_10630_2254</setSpec><setSpec>col_10630_37956</setSpec></header><metadata><record xmlns="http://www.loc.gov/MARC21/slim" xmlns:dcterms="http://purl.org/dc/terms/" xmlns:doc="http://www.lyncode.com/xoai" xmlns:xsi="http://www.w3.org/2001/XMLSchema-instance" xsi:schemaLocation="http://www.loc.gov/MARC21/slim http://www.loc.gov/standards/marcxml/schema/MARC21slim.xsd">
   <leader>00925njm 22002777a 4500</leader>
   <datafield ind2=" " ind1=" " tag="042">
      <subfield code="a">dc</subfield>
   </datafield>
   <datafield ind2=" " ind1=" " tag="720">
      <subfield code="a">González-Cobaleda, Estefanía</subfield>
      <subfield code="e">author</subfield>
   </datafield>
   <datafield ind2=" " ind1=" " tag="260">
      <subfield code="c">2021</subfield>
   </datafield>
   <datafield ind2=" " ind1=" " tag="520">
      <subfield code="a">Libro de autoría única con una extensión de 296 páginas, editados en la Colección Trabajo y Seguridad Social de la prestigiosa editorial Comares. La presente obra tiene por objeto el análisis en profundidad de los aspectos teóricos y jurídicos sobre los riesgos psicosociales en el ámbito de laboral, tanto a nivel internacional como nacional, pasando al estudio de la operatividad del deber de evaluación de riesgos psicosociales como núcleo central de una gestión eficaz de la prevención de riesgos laborales. En cualquier caso, más allá del análisis jurídico-laboral se plantea una perspectiva técnica orientada a ofrecer propuestas prácticas de aplicación para las organizaciones empresariales ante las dudas y cuestiones interpretativas jurídicas que se vienen planteando por las empresas. Esta investigación se centra en el contexto de las nuevas realidades sociolaborales que están transformando las relaciones laborales mediante un uso riguroso y fundamentado de las fuentes doctrinales, jurisprudenciales y normativas.</subfield>
   </datafield>
   <datafield ind1="8" ind2=" " tag="024">
      <subfield code="a">González Cobaleda, E. (2021). La evaluación de los riesgos psicosociales en el mundo laboral actual, digital, ecológico e inclusivo: desafíos jurídicos y de operatividad práctica, Comares</subfield>
   </datafield>
   <datafield ind1="8" ind2=" " tag="024">
      <subfield code="a">978-84-1369-263-0</subfield>
   </datafield>
   <datafield ind1="8" ind2=" " tag="024">
      <subfield code="a">https://hdl.handle.net/10630/36350</subfield>
   </datafield>
   <datafield tag="653" ind2=" " ind1=" ">
      <subfield code="a">Riesgos psicosociales</subfield>
   </datafield>
   <datafield tag="653" ind2=" " ind1=" ">
      <subfield code="a">Trabajo - Aspectos psicológicos</subfield>
   </datafield>
   <datafield ind2="0" ind1="0" tag="245">
      <subfield code="a">La evaluación de los riesgos psicosociales en el mundo laboral actual, digital, ecológico e inclusivo: desafíos jurídicos y de operatividad práctica.</subfield>
   </datafield>
</record>
</metadata></record></GetRecord></OAI-PMH>